Geography by Pictures (Medium-Hard) - T - Statistics

General Stats
  • This quiz has been taken 61 times
  • The average score is 7 of 14
Answer Stats
Picture Hint Answer % Correct
Region of Italy Tuscany
91%
Australian Island Tasmania
89%
Lake in South America Titicaca Lake
84%
Ancient City in Mali Timbuktu
82%
City in Greece Thessaloniki
81%
Pacific Island Tahiti
70%
City in Morocco Tangier
56%
City in Norway Trondheim
54%
Republic of Russia Tatarstan
19%
State of India Tamil Nadu
18%
State of Ethiopia Tigray
14%
Mountain in Indonesia Tambora
12%
Landmark in Turkiye Topkapi Palace
11%
Landmark in China Temple of Heaven (Tian-Tin)
5%
No matching quizzes found
Score Distribution
Percent of People with Each Score
Percentile by Number Answered
Your Score History
You have not taken this quiz